quizz sur walibi bleguim - Statistiques

Statistiques générales
  • Ce quiz a été pris 25 fois
  • Le résultat moyen est 8 sur 15
Statistiques - réponses
Question Réponse % Correct
Quelle est l'attraction la plus haute de walibi ? dalton terror
90%
Quelle est la hauteur du kondaa? 50M
70%
Comment se nomme le dernier coaster du parc ? mecalodon
70%
Quel etait le nom de l'attraction turbine a son ouverture sirroco
70%
Quelle est l'attraction qui fesait 50 mètres ou plus et qui a été détruite ? vertigo
70%
Quelle attraction va bientot etre détruite ? vampire
65%
Quelle attraction on été consstruite par mack ride ? pulsar
60%
Par quel groupe walibi est il détenu? le compagnie des alpes
55%
Quelle est l'année d'ouverture de walibi belguim 1975
50%
Quelle attraction va se faire retrack par rmc ? loup-garou
50%
Combien y a t il de rollercoaster a walibi ? 9
45%
Quelle est la vitesse max du kondaa ? 113KM/H
40%
Quel est la prix de construction du kondaa ? 25 millions d'euro
40%
En quelle année le train du sirocco est resté bloqué dans le looping 1997
35%
Quelle est l'attraction avec le plus d'inersions cobra
20%
Aucun quiz correspondant
Distribution des résultats
% des personnes avec chaque résultat
Percentile par nombre de réponses
Votre historique - résultats
Vous n’avez pas pris ce quiz